000 00333nam a22001217a 4500
082 _a625.8
_bUNI
_cL-1, P-150
100 _aUS Department of Transportation
_913255
245 _aHighway Pavements
526 _a0
_b0
_c0
_d625_800000000000000_UNI
526 _a0
_b0
_c0
_d625_800000000000000_UNI
650 _aMCE
_9379
942 _2ddc
_cBK
999 _c547666
_d547666